[Event "GER-ch45 V06 email"]
[Site "GER email"]
[Date "2013.03.27"]
[Round "?"]
[White "Kunz, Harry"]
[Black "Egelhof, Hans Peter"]
[Result "1-0"]
[WhiteElo "2093"]
[BlackElo "2041"]
[PlyCount "39"]
[EventDate "2013.04.08"]
[EventType "tourn (corr)"]
[EventRounds "12"]
[EventCountry "GER"]
[SourceTitle "Corr 2015"]
[Source "ChessBase"]
[SourceDate "2015.07.17"]
[SourceVersion "1"]
[SourceVersionDate "2015.07.17"]
[SourceQuality "1"]

1. e4 d6 2. d4 Nf6 3. Nc3 g6 4. f4 Bg7 5. Nf3 0-0 6. Bd3 Na6 7. 0-0 c5 8. d5 Qb6 9. Kh1 Bd7 10. e5 Ng4 11. e6 fxe6 12. dxe6 Bxe6 13. Ng5 d5 14. Qe2 Nc7 15. Nxe6 Qxe6 16. Qxe6+ Nxe6 17. Nxd5 Bd4 18. Nc3 Kg7 19. Ne4 Rad8 20. c3 1-0

[Event "GER-ch45 V06 email"]
[Site "GER email"]
[Date "2013.03.27"]
[Round "?"]
[White "Rau, Manfred"]
[Black "Egelhof, Hans Peter"]
[Result "1-0"]
[WhiteElo "2044"]
[BlackElo "2041"]
[PlyCount "57"]
[EventDate "2013.04.08"]
[EventType "tourn (corr)"]
[EventRounds "12"]
[EventCountry "GER"]
[SourceTitle "Corr 2015"]
[Source "ChessBase"]
[SourceDate "2015.07.17"]
[SourceVersion "1"]
[SourceVersionDate "2015.07.17"]
[SourceQuality "1"]

1. Nf3 g6 2. d4 Bg7 3. c4 c5 4. e4 Nc6 5. dxc5 Qa5+ 6. Nfd2 Rb8 7. Nc3 Bxc3 8. bxc3 Qxc3 9. Rb1 Nf6 10. Rb3 Qa5 11. Be2 Nd4 12. Rd3 Nxe2 13. Qxe2 Qxc5 14. e5 Nh5 15. Ne4 Qb4+ 16. Rc3 b6 17. 0-0 Bb7 18. Ba3 Qa4 19. Nf6+ exf6 20. exf6+ Kd8 21. Qe7+ Kc8 22. Bd6 Qc6 23. f3 Ba6 24. Rd1 Kb7 25. Bxb8 Kxb8 26. Rxd7 Qxf6 27. Qxf6 Nxf6 28. Rxf7 Ne8 29. c5 1-0

[Event "GER MS-176 email"]
[Site "GER email"]
[Date "2013.03.20"]
[Round "?"]
[White "Egelhof, Hans Peter"]
[Black "Langer, Raimund"]
[Result "1/2-1/2"]
[WhiteElo "2041"]
[BlackElo "1993"]
[PlyCount "48"]
[EventDate "2013.03.29"]
[EventType "tourn (corr)"]
[EventRounds "6"]
[EventCountry "GER"]
[SourceTitle "Corr 2015"]
[Source "ChessBase"]
[SourceDate "2015.07.17"]
[SourceVersion "1"]
[SourceVersionDate "2015.07.17"]
[SourceQuality "1"]

1. Nf3 Nf6 2. g3 d5 3. Bg2 c6 4. 0-0 Bg4 5. c4 e6 6. b3 Nbd7 7. Bb2 Bd6 8. d4 0-0 9. Nc3 Qe7 10. Re1 Rad8 11. Nd2 Ba3 12. Qc2 h6 13. e4 Nxe4 14. Ncxe4 dxe4 15. Nxe4 Bxb2 16. Qxb2 Bf5 17. Rad1 Nf6 18. Nd2 Qc7 19. h3 Bg6 20. Nf3 Bh5 21. g4 Bg6 22. Ne5 Bh7 23. b4 a6 24. a4 Nd7 1/2-1/2

[Event "GER ML-385 email"]
[Site "GER email"]
[Date "2013.??.??"]
[Round "?"]
[White "Baer, Lutz"]
[Black "Egelhof, Hans Peter"]
[Result "1/2-1/2"]
[WhiteElo "2336"]
[BlackElo "1962"]
[PlyCount "53"]
[EventDate "2012.??.??"]
[EventType "tourn (corr)"]
[EventRounds "6"]
[EventCountry "GER"]
[SourceTitle "Corr 2015"]
[Source "ChessBase"]
[SourceDate "2015.07.17"]
[SourceVersion "1"]
[SourceVersionDate "2015.07.17"]
[SourceQuality "1"]
[WhiteTeam "DESC"]

1. d4 g6 2. e4 Nf6 3. e5 Nh5 4. Be2 d6 5. Nf3 Bg7 6. 0-0 dxe5 7. Nxe5 c5 8. Bxh5 Qxd4 9. Nxf7 Kxf7 10. c3 Qxd1 11. Bxd1 Nc6 12. Nd2 h6 13. Re1 Be6 14. Bc2 Bd5 15. Nf1 Rad8 16. Bf4 Rd7 17. Be3 b6 18. Ba4 Rc8 19. Bf4 a6 20. Bd1 h5 21. Be2 b5 22. Red1 Ne5 23. Bxe5 Bxe5 24. a4 Bc6 25. Rxd7 Bxd7 26. axb5 axb5 27. Ra5 1/2-1/2

[Event "GER ML-385 email"]
[Site "GER email"]
[Date "2013.??.??"]
[Round "?"]
[White "Bauermann, Gerhard"]
[Black "Egelhof, Hans Peter"]
[Result "1/2-1/2"]
[WhiteElo "1913"]
[BlackElo "1962"]
[PlyCount "113"]
[EventDate "2012.??.??"]
[EventType "tourn (corr)"]
[EventRounds "6"]
[EventCountry "GER"]
[SourceTitle "Corr 2015"]
[Source "ChessBase"]
[SourceDate "2015.07.17"]
[SourceVersion "1"]
[SourceVersionDate "2015.07.17"]
[SourceQuality "1"]

1. c4 g6 2. d4 Bg7 3. e4 d6 4. Nc3 Nc6 5. d5 Nd4 6. Be3 c5 7. Nge2 Nxe2 8. Bxe2 f5 9. exf5 Bxf5 10. Qb3 Qb6 11. Qxb6 axb6 12. 0-0 Bxc3 13. bxc3 Nf6 14. f3 h5 15. a4 Ra5 16. Ra2 b5 17. Rfa1 bxc4 18. Bxc4 Kf7 19. h3 Rha8 20. Bb3 Bd3 21. c4 R5a6 22. a5 Nd7 23. Bf4 Bf5 24. g4 Bd3 25. Rd1 g5 26. Bxg5 Ne5 27. f4 Bxc4 28. Bxc4 Nxc4 29. Re1 Re8 30. Rae2 hxg4 31. Rxe7+ Rxe7 32. Rxe7+ Kf8 33. Rxb7 Ne3 34. Kf2 Nxd5 35. hxg4 Rxa5 36. f5 Ra4 37. Kf3 Rb4 38. Rd7 Rb3+ 39. Kg2 Ne3+ 40. Bxe3 Rxe3 41. Rxd6 c4 42. Rc6 c3 43. Rc5 Kf7 44. g5 Rd3 45. Kf2 Kg7 46. Ke2 Rg3 47. Rc7+ Kg8 48. g6 Rg5 49. Rc5 c2 50. Kd2 Rg2+ 51. Kd3 Rf2 52. Ke4 Kg7 53. Rc6 Rh2 54. Kf4 Rf2+ 55. Ke4 Re2+ 56. Kd4 Rf2 57. Ke4 1/2-1/2

[Event "GER MS-167 email"]
[Site "GER email"]
[Date "2012.09.25"]
[Round "?"]
[White "Egelhof, Hans Peter"]
[Black "Scharf, Wolfgang"]
[Result "1/2-1/2"]
[WhiteElo "1962"]
[BlackElo "2062"]
[PlyCount "39"]
[EventDate "2012.10.02"]
[EventType "tourn (corr)"]
[EventRounds "6"]
[EventCountry "GER"]
[SourceTitle "Corr 2015"]
[Source "ChessBase"]
[SourceDate "2015.07.17"]
[SourceVersion "1"]
[SourceVersionDate "2015.07.17"]
[SourceQuality "1"]

1. Nf3 d5 2. g3 Nf6 3. Bg2 g6 4. 0-0 Bg7 5. d4 0-0 6. c4 dxc4 7. Na3 Nc6 8. Nxc4 Be6 9. b3 Bd5 10. Bb2 Qc8 11. Ne3 Be4 12. Ne5 Bxg2 13. Kxg2 Nxe5 14. dxe5 Rd8 15. Qc2 Ng4 16. Nxg4 Qxg4 17. Rad1 c5 18. e4 b6 19. Rd5 Qc8 20. Rfd1 1/2-1/2

[Event "GER MS-167 email"]
[Site "GER email"]
[Date "2012.09.25"]
[Round "?"]
[White "Hebel, Erich"]
[Black "Egelhof, Hans Peter"]
[Result "1-0"]
[WhiteElo "1937"]
[BlackElo "1962"]
[PlyCount "81"]
[EventDate "2012.10.02"]
[EventType "tourn (corr)"]
[EventRounds "6"]
[EventCountry "GER"]
[SourceTitle "Corr 2015"]
[Source "ChessBase"]
[SourceDate "2015.07.17"]
[SourceVersion "1"]
[SourceVersionDate "2015.07.17"]
[SourceQuality "1"]

1. e4 d6 2. d4 Nf6 3. Nc3 g6 4. Nf3 Bg7 5. Be2 0-0 6. 0-0 a6 7. Bf4 c6 8. Qd2 Nbd7 9. a4 e5 10. dxe5 dxe5 11. Nxe5 Nxe4 12. Nxe4 Nxe5 13. Rfd1 Be6 14. Qe3 Qe7 15. h3 Bf5 16. c3 Bxe4 17. Qxe4 Rfe8 18. a5 Qh4 19. Qa4 Rad8 20. Rxd8 Rxd8 21. Qb4 Bf8 22. Qe4 Re8 23. g3 Qf6 24. Kg2 Bc5 25. Rf1 h5 26. b4 Ba7 27. h4 Bb8 28. Bc4 Kg7 29. Bb3 Qf5 30. Qxf5 gxf5 31. Re1 Kg6 32. Bc1 Rc8 33. Rd1 c5 34. Bf4 cxb4 35. cxb4 Nc6 36. Rd7 Bxf4 37. Bxf7+ Kf6 38. gxf4 Nxb4 39. Bxh5 Rg8+ 40. Kf3 Rb8 41. Bf7 1-0

[Event "GER MS-148 email"]
[Site "GER email"]
[Date "2012.04.30"]
[Round "?"]
[White "Egelhof, Hans Peter"]
[Black "Firsching, Guenter"]
[Result "1/2-1/2"]
[WhiteElo "1962"]
[BlackElo "2080"]
[PlyCount "47"]
[EventDate "2012.05.10"]
[EventType "tourn (corr)"]
[EventRounds "6"]
[EventCountry "GER"]
[SourceTitle "Corr 2015"]
[Source "ChessBase"]
[SourceDate "2015.07.17"]
[SourceVersion "1"]
[SourceVersionDate "2015.07.17"]
[SourceQuality "1"]

1. Nf3 d5 2. g3 c6 3. Bg2 Bg4 4. c4 e6 5. cxd5 Bxf3 6. Bxf3 cxd5 7. Nc3 Nc6 8. 0-0 Nf6 9. d3 Rc8 10. d4 Bb4 11. Bf4 0-0 12. Qd3 a6 13. Rac1 h6 14. Rfd1 Bd6 15. Bxd6 Qxd6 16. a3 Rfd8 17. Na4 Na5 18. Nc5 Rc7 19. b3 Rdc8 20. e3 Rc6 21. a4 R6c7 22. Qb1 Nc6 23. b4 Nxb4 24. Nxb7 1/2-1/2

[Event "GER-ch44 V03 email"]
[Site "GER email"]
[Date "2012.04.25"]
[Round "?"]
[White "Egelhof, Hans Peter"]
[Black "Tauber, Hans"]
[Result "0-1"]
[WhiteElo "2016"]
[BlackElo "2207"]
[PlyCount "136"]
[EventDate "2012.04.30"]
[EventType "tourn (corr)"]
[EventRounds "10"]
[EventCountry "GER"]
[SourceTitle "Corr 2015"]
[Source "ChessBase"]
[SourceDate "2015.07.17"]
[SourceVersion "1"]
[SourceVersionDate "2015.07.17"]
[SourceQuality "1"]

1. Nf3 d5 2. g3 Nf6 3. Bg2 c5 4. c4 d4 5. e3 Nc6 6. exd4 cxd4 7. 0-0 e5 8. Re1 Nd7 9. d3 Be7 10. Na3 0-0 11. Nc2 a5 12. b3 f6 13. Nd2 Nc5 14. Ne4 Ne6 15. Nd2 Kh8 16. Qe2 Ra6 17. Bd5 a4 18. Bb2 Nb4 19. Nxb4 Bxb4 20. Rf1 Qc7 21. Rfd1 Bd7 22. Rab1 axb3 23. axb3 Rfa8 24. Ne4 Qc8 25. Rdc1 h6 26. Rc2 Ra2 27. f4 exf4 28. c5 fxg3 29. hxg3 Qb8 30. Qf2 Qe5 31. Bxb7 Rf8 32. c6 Bc8 33. Rf1 Qb5 34. Bc1 Bxb7 35. cxb7 Rxc2 36. Qxc2 Qxb7 37. Qc4 Qe7 38. Rf5 Bd6 39. Bd2 Re8 40. Qc1 Qc7 41. Qxc7 Bxc7 42. Rb5 Kh7 43. b4 Kg6 44. Kf2 Ra8 45. g4 Ra2 46. Kf3 Rb2 47. Rd5 Bb8 48. Rb5 Be5 49. Rb6 Nc7 50. Rb7 Rb1 51. Ra7 Nb5 52. Rb7 Nc3 53. Nc5 Rf1+ 54. Kg2 Rd1 55. Bf4 Nd5 56. Bxe5 fxe5 57. Kf2 Nf4 58. Re7 Kf6 59. Re8 Kg5 60. b5 Rc1 61. b6 Rxc5 62. b7 Rb5 63. Rxe5+ Rxe5 64. b8Q Kxg4 65. Kf1 Re3 66. Qh8 g5 67. Qxd4 Kf3 68. Qc4 h5 0-1

[Event "GER MS-155 email"]
[Site "GER email"]
[Date "2012.03.12"]
[Round "?"]
[White "Egelhof, Hans Peter"]
[Black "Chbib, Nabil"]
[Result "1/2-1/2"]
[WhiteElo "2000"]
[BlackElo "1607"]
[PlyCount "55"]
[EventDate "2012.03.19"]
[EventType "tourn (corr)"]
[EventRounds "6"]
[EventCountry "GER"]
[SourceTitle "Corr 2015"]
[Source "ChessBase"]
[SourceDate "2015.07.17"]
[SourceVersion "1"]
[SourceVersionDate "2015.07.17"]
[SourceQuality "1"]

1. Nf3 Nf6 2. g3 b5 3. d3 Bb7 4. Bg2 e6 5. e4 d6 6. 0-0 Nbd7 7. a4 b4 8. a5 Rb8 9. Re1 Be7 10. Nbd2 0-0 11. a6 Ba8 12. Nc4 Re8 13. Bf4 Qc8 14. Qe2 d5 15. Ncd2 Nf8 16. e5 N6d7 17. d4 c5 18. dxc5 Nxc5 19. Nb3 Qc7 20. Nxc5 Bxc5 21. Be3 Nd7 22. Bxc5 Nxc5 23. Qe3 h6 24. Bf1 Qb6 25. Nd4 Bc6 26. Be2 Rec8 27. Kg2 Ne4 28. h4 1/2-1/2

[Event "GER MS-139 email"]
[Site "GER email"]
[Date "2011.12.27"]
[Round "?"]
[White "Egelhof, Hans Peter"]
[Black "Giesemann, Steffen"]
[Result "0-1"]
[WhiteElo "1968"]
[BlackElo "2014"]
[PlyCount "76"]
[EventDate "2012.01.08"]
[EventType "tourn (corr)"]
[EventRounds "6"]
[EventCountry "GER"]
[SourceTitle "Corr 2015"]
[Source "ChessBase"]
[SourceDate "2015.07.17"]
[SourceVersion "1"]
[SourceVersionDate "2015.07.17"]
[SourceQuality "1"]
[WhiteTeam "Germany"]
[BlackTeam "Germany"]
[WhiteTeamCountry "GER"]
[BlackTeamCountry "GER"]

1. Nf3 c5 2. g3 g6 3. Bg2 Bg7 4. 0-0 Nc6 5. c4 d6 6. Nc3 e5 7. d3 Nge7 8. Bd2 0-0 9. a3 f5 10. Rb1 a5 11. Qc1 b6 12. Qe1 h6 13. Qc1 Kh7 14. Nh4 Rb8 15. Qd1 Be6 16. Bd5 Qd7 17. Qa4 Nd4 18. Bxe6 Qxe6 19. e3 Ndc6 20. f4 d5 21. cxd5 Nxd5 22. e4 Nde7 23. exf5 Nxf5 24. Nxf5 gxf5 25. fxe5 Nxe5 26. Bf4 b5 27. Qc2 b4 28. Bxe5 Qxe5 29. Ne2 c4 30. d4 Qe3+ 31. Kg2 b3 32. Qd1 Rbe8 33. Rf2 Qe4+ 34. Kh3 f4 35. Nxf4 Bxd4 36. Rf1 Re5 37. Qf3 Qxf3 38. Rxf3 a4 0-1

[Event "GER MS-139 email"]
[Site "GER email"]
[Date "2011.12.27"]
[Round "?"]
[White "Egelhof, Hans Peter"]
[Black "Seiler, Werner"]
[Result "1-0"]
[WhiteElo "1968"]
[BlackElo "1907"]
[PlyCount "121"]
[EventDate "2012.01.08"]
[EventType "tourn (corr)"]
[EventRounds "6"]
[EventCountry "GER"]
[SourceTitle "Corr 2015"]
[Source "ChessBase"]
[SourceDate "2015.07.17"]
[SourceVersion "1"]
[SourceVersionDate "2015.07.17"]
[SourceQuality "1"]
[WhiteTeam "Germany"]
[BlackTeam "Germany"]
[WhiteTeamCountry "GER"]
[BlackTeamCountry "GER"]

1. Nf3 c5 2. g3 g6 3. Bg2 Bg7 4. 0-0 Nc6 5. c4 Nf6 6. d4 cxd4 7. Nxd4 0-0 8. Nc3 Ng4 9. e3 Nge5 10. b3 Nxd4 11. exd4 Nc6 12. Be3 d6 13. Qd2 Bf5 14. Rad1 Re8 15. h3 h5 16. f3 Qa5 17. Nb5 Qxd2 18. Rxd2 Rec8 19. d5 Nb4 20. Nxa7 Re8 21. Bb6 Bc3 22. Rdf2 Bf6 23. Rd1 Kg7 24. f4 Bd7 25. c5 dxc5 26. Bxc5 Bf5 27. Bb6 Rh8 28. Rfd2 Bc3 29. Re2 Bf6 30. a4 Rhb8 31. Red2 Bc3 32. Rf2 Bf6 33. Nb5 Bc2 34. Rdd2 Bxb3 35. a5 Ra6 36. Nc7 Rxb6 37. axb6 Na6 38. Rf1 Nc5 39. Rc1 Na4 40. Rb1 Nc5 41. Kh2 Ba4 42. d6 exd6 43. Rxd6 Be7 44. Rd4 Bb3 45. Rc1 Kf8 46. g4 h4 47. Bf3 Bf6 48. Rd2 Be7 49. Kg2 Kg7 50. Re1 Ne6 51. Re4 Kf8 52. Rde2 Bd6 53. Nxe6+ Bxe6 54. Rxe6 fxe6 55. Rxe6 Bc5 56. Rxg6 Rd8 57. Bxb7 Rd6 58. Rxd6 Bxd6 59. Kf3 Bc5 60. g5 Bxb6 61. f5 1-0

[Event "GER MS-139 email"]
[Site "GER email"]
[Date "2011.12.27"]
[Round "?"]
[White "Egelhof, Hans Peter"]
[Black "Zielinski, Werner"]
[Result "1/2-1/2"]
[WhiteElo "1968"]
[BlackElo "2106"]
[PlyCount "33"]
[EventDate "2012.01.08"]
[EventType "tourn (corr)"]
[EventRounds "6"]
[EventCountry "GER"]
[SourceTitle "Corr 2015"]
[Source "ChessBase"]
[SourceDate "2015.07.17"]
[SourceVersion "1"]
[SourceVersionDate "2015.07.17"]
[SourceQuality "1"]
[WhiteTeam "Germany"]
[BlackTeam "Germany"]
[WhiteTeamCountry "GER"]
[BlackTeamCountry "GER"]

1. Nf3 Nf6 2. g3 d5 3. Bg2 c5 4. 0-0 Nc6 5. d4 cxd4 6. Nxd4 e6 7. Nxc6 bxc6 8. c4 Bd6 9. Nc3 0-0 10. cxd5 cxd5 11. e4 Ba6 12. Re1 dxe4 13. Bg5 Be7 14. Nxe4 Nxe4 15. Bxe7 Qxe7 16. Bxe4 Bb7 17. Rc1 1/2-1/2

[Event "GER MS-105 email"]
[Site "GER email"]
[Date "2011.10.30"]
[Round "?"]
[White "Egelhof, Hans Peter"]
[Black "Seiler, Werner"]
[Result "0-1"]
[WhiteElo "1968"]
[BlackElo "1907"]
[PlyCount "36"]
[EventDate "2010.11.04"]
[EventType "tourn (corr)"]
[EventRounds "6"]
[EventCountry "GER"]
[SourceTitle "Corr 2015"]
[Source "ChessBase"]
[SourceDate "2015.07.17"]
[SourceVersion "1"]
[SourceVersionDate "2015.07.17"]
[SourceQuality "1"]
[WhiteTeam "Germany"]
[BlackTeam "Germany"]
[WhiteTeamCountry "GER"]
[BlackTeamCountry "GER"]

1. Nf3 Nc6 2. g3 e5 3. d3 f5 4. e4 Bc5 5. Bg5 Be7 6. Bd2 d6 7. Nc3 Nf6 8. Bg2 0-0 9. h3 a6 10. 0-0 Bd7 11. Re1 fxe4 12. dxe4 Qc8 13. Kh2 Qe8 14. Nh4 Nd4 15. Ne2 Ng4+ 16. hxg4 Bxg4 17. Bc3 Nxe2 18. Rxe2 Qh5 0-1

[Event "GER MS-105 email"]
[Site "GER email"]
[Date "2011.10.30"]
[Round "?"]
[White "Schaefer, Uwe"]
[Black "Egelhof, Hans Peter"]
[Result "1/2-1/2"]
[WhiteElo "1926"]
[BlackElo "1968"]
[PlyCount "113"]
[EventDate "2010.11.04"]
[EventType "tourn (corr)"]
[EventRounds "6"]
[EventCountry "GER"]
[SourceTitle "Corr 2015"]
[Source "ChessBase"]
[SourceDate "2015.07.17"]
[SourceVersion "1"]
[SourceVersionDate "2015.07.17"]
[SourceQuality "1"]
[WhiteTeam "Germany"]
[BlackTeam "Germany"]
[WhiteTeamCountry "GER"]
[BlackTeamCountry "GER"]

1. d4 g6 2. c4 Bg7 3. Nc3 d6 4. e4 Nd7 5. Nf3 e5 6. Be2 exd4 7. Nxd4 Ngf6 8. 0-0 0-0 9. Be3 Re8 10. f3 a5 11. Qd2 Nc5 12. Rad1 b6 13. Bg5 Bb7 14. Ndb5 Ne6 15. Bh6 Bxh6 16. Qxh6 Nc5 17. g4 Rc8 18. Nd5 Nfd7 19. Rf2 Ne5 20. Qf4 Ned7 21. Rg2 g5 22. Qe3 Ne6 23. h4 f6 24. Rh2 Ne5 25. hxg5 fxg5 26. Qc3 Rf8 27. Kh1 Rb8 28. Rd2 Nf4 29. Bd1 Bxd5 30. cxd5 Rf7 31. Nd4 b5 32. Rc2 a4 33. Nf5 Kh8 34. Qd4 Rf6 35. b3 axb3 36. axb3 Rf8 37. Ra2 Ra8 38. Rhc2 Rxa2 39. Rxa2 Qb8 40. b4 Kg8 41. Kg1 Kf7 42. Rh2 Rh8 43. Rh6 Qa8 44. Qc3 Qb7 45. Kf1 Qa7 46. Bb3 Nfd3 47. Nd4 Kg7 48. Rh2 Qb6 49. Bc2 Nf4 50. Nc6 Re8 51. Bd1 Kg6 52. Rc2 Nxc6 53. Qxc6 Qxc6 54. Rxc6 Re7 55. Ra6 Kf6 56. Kf2 Ke5 57. Ke3 1/2-1/2

[Event "GER MS-140 email"]
[Site "GER email"]
[Date "2011.09.05"]
[Round "?"]
[White "Egelhof, Hans Peter"]
[Black "Hoebel, Hartmut"]
[Result "1/2-1/2"]
[WhiteElo "1968"]
[BlackElo "2172"]
[PlyCount "55"]
[EventDate "2011.09.09"]
[EventType "tourn (corr)"]
[EventRounds "6"]
[EventCountry "GER"]
[SourceTitle "Corr 2015"]
[Source "ChessBase"]
[SourceDate "2015.07.17"]
[SourceVersion "1"]
[SourceVersionDate "2015.07.17"]
[SourceQuality "1"]
[WhiteTeam "Germany"]
[BlackTeam "Germany"]
[WhiteTeamCountry "GER"]
[BlackTeamCountry "GER"]

1. Nf3 d5 2. g3 g6 3. Bg2 Bg7 4. 0-0 Nf6 5. c4 0-0 6. cxd5 Nxd5 7. Nc3 Nc6 8. d4 Nb6 9. Bf4 Nxd4 10. Nxd4 e5 11. Nc6 Qxd1 12. Ne7+ Kh8 13. Rfxd1 exf4 14. Nxc8 Raxc8 15. Bxb7 Rb8 16. Ba6 fxg3 17. hxg3 Bxc3 18. bxc3 Rfd8 19. Kg2 Kg7 20. Rd4 c5 21. Rxd8 Rxd8 22. a4 Nd5 23. Ra3 f5 24. Rb3 Rd7 25. Kf3 Kf6 26. e4 fxe4+ 27. Kxe4 Nb6 28. Kf3 1/2-1/2

[Event "GER MS-140 email"]
[Site "GER email"]
[Date "2011.09.05"]
[Round "?"]
[White "Warzecha, Helmut"]
[Black "Egelhof, Hans Peter"]
[Result "1-0"]
[WhiteElo "1954"]
[BlackElo "1968"]
[PlyCount "99"]
[EventDate "2011.09.09"]
[EventType "tourn (corr)"]
[EventRounds "6"]
[EventCountry "GER"]
[SourceTitle "Corr 2015"]
[Source "ChessBase"]
[SourceDate "2015.07.17"]
[SourceVersion "1"]
[SourceVersionDate "2015.07.17"]
[SourceQuality "1"]
[WhiteTeam "Germany"]
[BlackTeam "Germany"]
[WhiteTeamCountry "GER"]
[BlackTeamCountry "GER"]

1. e4 d6 2. d4 Nf6 3. Nc3 g6 4. f4 Bg7 5. Nf3 0-0 6. a3 d5 7. e5 Ne4 8. Nxe4 dxe4 9. Ng5 c5 10. dxc5 Qxd1+ 11. Kxd1 Bf5 12. Rg1 Nc6 13. c3 h6 14. Nh3 Be6 15. Nf2 f6 16. exf6 Bb3+ 17. Ke1 exf6 18. g4 Rad8 19. Be3 f5 20. gxf5 gxf5 21. Nh1 Ne7 22. Kf2 Nd5 23. a4 Nxe3 24. Kxe3 Rc8 25. Ng3 Kh7 26. Rg2 Rxc5 27. Rd2 Rf7 28. Ne2 Re7 29. Nd4 Bxd4+ 30. Rxd4 Kg7 31. Be2 Be6 32. Rg1+ Kf6 33. Rd8 Rc8 34. Rxc8 Bxc8 35. a5 Be6 36. c4 b6 37. axb6 axb6 38. Ra1 Bf7 39. b3 Rc7 40. Ra6 Rc6 41. Ra7 Be6 42. h4 Bf7 43. h5 Bg8 44. Rb7 Bf7 45. b4 Bg8 46. b5 Rd6 47. Rc7 Bf7 48. c5 bxc5 49. Rxc5 Ba2 50. Rc2 1-0

[Event "GER MS-130 email"]
[Site "GER email"]
[Date "2011.06.06"]
[Round "?"]
[White "Egelhof, Hans Peter"]
[Black "Schumacher, Frank"]
[Result "1/2-1/2"]
[WhiteElo "1968"]
[BlackElo "1949"]
[PlyCount "41"]
[EventDate "2011.04.15"]
[EventType "tourn (corr)"]
[EventRounds "6"]
[EventCountry "GER"]
[SourceTitle "Corr 2015"]
[Source "ChessBase"]
[SourceDate "2015.07.17"]
[SourceVersion "1"]
[SourceVersionDate "2015.07.17"]
[SourceQuality "1"]
[WhiteTeam "Germany"]
[BlackTeam "Germany"]
[WhiteTeamCountry "GER"]
[BlackTeamCountry "GER"]

1. Nf3 d5 2. g3 Nf6 3. Bg2 c6 4. 0-0 Bf5 5. d3 e6 6. c4 dxc4 7. dxc4 Qxd1 8. Rxd1 Nbd7 9. Be3 Bb4 10. b3 a5 11. Nh4 0-0-0 12. Nxf5 exf5 13. a3 Nc5 14. Nd2 Bc3 15. Rab1 Ne6 16. Nf3 Rxd1+ 17. Rxd1 Rd8 18. Rd3 Rxd3 19. exd3 Ng4 20. d4 Kd7 21. Kf1 1/2-1/2

[Event "GER MS-130 email"]
[Site "GER email"]
[Date "2011.06.06"]
[Round "?"]
[White "Loeffler, Werner"]
[Black "Egelhof, Hans Peter"]
[Result "1/2-1/2"]
[WhiteElo "2135"]
[BlackElo "1968"]
[PlyCount "70"]
[EventDate "2011.04.15"]
[EventType "tourn (corr)"]
[EventRounds "6"]
[EventCountry "GER"]
[SourceTitle "Corr 2015"]
[Source "ChessBase"]
[SourceDate "2015.07.17"]
[SourceVersion "1"]
[SourceVersionDate "2015.07.17"]
[SourceQuality "1"]
[WhiteTeam "Germany"]
[BlackTeam "Germany"]
[WhiteTeamCountry "GER"]
[BlackTeamCountry "GER"]

1. d4 g6 2. e4 d6 3. Nc3 Bg7 4. Be3 Nf6 5. Qd2 c6 6. f3 b5 7. Bd3 Nbd7 8. Nge2 0-0 9. 0-0 Bb7 10. Nd1 a6 11. a4 e5 12. c3 Qc7 13. Nf2 Rfe8 14. Ng3 h5 15. Rfe1 d5 16. Bh6 Bh8 17. Bc2 a5 18. Rad1 b4 19. exd5 cxd5 20. cxb4 axb4 21. b3 e4 22. fxe4 h4 23. Nf5 dxe4 24. Bf4 Qc6 25. Ne3 Rac8 26. Qxb4 Nb6 27. Qd2 Nbd5 28. Nxd5 Qxd5 29. Be3 Re7 30. h3 Rec7 31. Bb1 Rc3 32. b4 Bg7 33. Qe2 Ra3 34. a5 Re8 35. Qb2 Rb3 1/2-1/2

[Event "GER MS-130 email"]
[Site "GER email"]
[Date "2011.06.06"]
[Round "?"]
[White "Pupke, Peter"]
[Black "Egelhof, Hans Peter"]
[Result "1-0"]
[WhiteElo "2011"]
[BlackElo "1968"]
[PlyCount "111"]
[EventDate "2011.04.15"]
[EventType "tourn (corr)"]
[EventRounds "6"]
[EventCountry "GER"]
[SourceTitle "Corr 2015"]
[Source "ChessBase"]
[SourceDate "2015.07.17"]
[SourceVersion "1"]
[SourceVersionDate "2015.07.17"]
[SourceQuality "1"]
[WhiteTeam "Germany"]
[BlackTeam "Germany"]
[WhiteTeamCountry "GER"]
[BlackTeamCountry "GER"]

1. Nf3 Nf6 2. g3 g6 3. c4 Bg7 4. Bg2 0-0 5. d4 d6 6. Nc3 Bg4 7. h3 Bxf3 8. Bxf3 Nc6 9. 0-0 e5 10. d5 Nd4 11. Bh1 h5 12. Bg5 Qd7 13. Bg2 Nh7 14. Bd2 Nf6 15. b4 Rac8 16. b5 Rfe8 17. Rb1 Ra8 18. e3 Nf5 19. a4 Qe7 20. a5 Nd7 21. Be4 Qg5 22. a6 b6 23. h4 Nxh4 24. Bh1 f5 25. e4 f4 26. Na2 Kf7 27. Nb4 Rh8 28. Rb3 Qg4 29. Kh2 Nc5 30. Rc3 f3 31. Bxf3 Nxf3+ 32. Qxf3+ Kg8 33. Re1 Bh6 34. Bxh6 Rxh6 35. Qe3 Kg7 36. f3 Qd7 37. Kg2 h4 38. Rh1 h3+ 39. Kh2 Qf7 40. Nc6 Nd7 41. Rc2 Qg8 42. Kg1 Nb8 43. Nb4 Nd7 44. Rch2 Qh7 45. Nc6 Nf6 46. Kf2 Rh5 47. g4 Rh4 48. Ke2 Kf7 49. Qg5 Kg7 50. Nxe5 dxe5 51. Qxe5 Re8 52. Qxc7+ Kg8 53. Qxh7+ Nxh7 54. Rxh3 Rxh3 55. Rxh3 Ng5 56. Rh1 1-0

[Event "GER MS-130 email"]
[Site "GER email"]
[Date "2011.06.06"]
[Round "?"]
[White "Watson, Roland"]
[Black "Egelhof, Hans Peter"]
[Result "1/2-1/2"]
[WhiteElo "1959"]
[BlackElo "1968"]
[PlyCount "66"]
[EventDate "2011.04.15"]
[EventType "tourn (corr)"]
[EventRounds "6"]
[EventCountry "GER"]
[SourceTitle "Corr 2015"]
[Source "ChessBase"]
[SourceDate "2015.07.17"]
[SourceVersion "1"]
[SourceVersionDate "2015.07.17"]
[SourceQuality "1"]
[WhiteTeam "Germany"]
[BlackTeam "Germany"]
[WhiteTeamCountry "GER"]
[BlackTeamCountry "GER"]

1. c4 g6 2. g3 Bg7 3. Bg2 Nf6 4. Nc3 0-0 5. Nf3 d5 6. cxd5 Nxd5 7. 0-0 c5 8. Nxd5 Qxd5 9. d3 Nc6 10. Be3 Bxb2 11. Rb1 Bf6 12. Qa4 Qd7 13. Qb5 b6 14. Ng5 Bb7 15. Ne4 Rab8 16. Bf4 Qc8 17. Nxf6+ exf6 18. Bxb8 Nd4 19. Qb2 Bxg2 20. Kxg2 Qb7+ 21. f3 Re8 22. Rbe1 Qxb8 23. e3 Nf5 24. Qf2 Qe5 25. Kg1 Rd8 26. d4 cxd4 27. exd4 Qd5 28. Rd1 Rc8 29. Rd3 h5 30. Re1 a5 31. Qd2 b5 32. Qxa5 Nxd4 33. Qd2 Nxf3+ 1/2-1/2